Die 10 größten Städte - Nevada - Statistiken

Allgemein
  • Dieses Quiz wurde 30 mal gespielt
  • Das Durchschnittsergebnis liegt bei 5 aus 10
Antwortstatistiken
Einwohnerzahl Stadt % Korrekt
646.790 Las Vegas
100%
274.133 North Las Vegas
100%
58.993 Carson City
69%
268.851 Reno
62%
322.178 Henderson
45%
192.000 Paradise
41%
220.000 Spring Valley
28%
230.000 Enterprise
24%
109.796 Sparks
21%
208.000 Sunrise Manor
17%
Keine übereinstimmenden Quizze gefunden
Verteilung der Resultate
Anzahl Personen mit jedem Resultat
Perzentil nach korrekt beantworteten Fragen
Ihre Resultats-Entwicklung
Sie haben dieses Quiz noch nicht gespielt